Metodika normovania a racionalizácie práce v potravinárskom priemysle

Bibliographic Details
Main Authors: Klester, Alfréd (Author), Jánský, Jaromír (Author)
Format: Book
Language:Slovak
PhysicalDescription:240 s., 9,44 AH Tb. 21 cm
Published: Bratislava S.l. Príroda MPVž SSR v Bratislave [vyd.] 1978
Edition:1. vyd.
Series:Edícia Ministerstva poľnohospodárstva a výživy SSR

MARC

LEADER 00000nam a2200000 a 4500
001 vtls001113224
003 SK-MaSNL
005 20260301001524.0
008 250414s1978 xo 0 slo
015 |a SNBA1978 
035 |a SNK000056067 
040 |a SNK  |b slo  |c SNK  |e AACR2 
041 0 |a slo 
044 |a xo  |c SK 
080 |a 331.015.14:663/665(024)  |2 1981 
080 |a 663/665(024)  |2 1981 
080 |a 663/665  |2 1981 
080 |a 331.015.14(024)  |2 1981 
100 1 |a Klester, Alfréd  |4 aut  |9 44833 
245 1 0 |a Metodika normovania a racionalizácie práce v potravinárskom priemysle  |c Alfréd Klester, Jaromír Jánský 
250 |a 1. vyd. 
260 |a Bratislava  |b Príroda  |a S.l.  |b MPVž SSR v Bratislave [vyd.]  |c 1978  |e Nitra  |f Nitrianske tlačiarne 
300 |a 240 s., 9,44 AH  |b Tb.  |c 21 cm 
366 |e 4000 výtl. 
490 1 |a Edícia Ministerstva poľnohospodárstva a výživy SSR 
500 |a Lit. 3. Nepredajné. 
700 1 |a Jánský, Jaromír  |4 aut  |9 279924 
852 |a Slovenská národná knižnica 
954 |a normovanie práce  |a racionalizácia práce  |a priemysel potravinársky 
958 |a OND 
958 |a [NB3] 
958 |a TL 
999 |c 535083  |d 537013 
952 |t P60, <04>, [BOOK], {604}  |a SNK  |b SNK  |y VYP  |7 0  |p 17A0096243  |o snkSC 44860 D1  |0 0  |1 0  |4 0  |d 1999-02-22  |l 0  |r 2004-12-31 00:00:00  |w 2026-02-23 
952 |a SNK  |b SNK  |y PREZ  |7 0  |p 17A0769606  |o snkSC 44860  |0 0  |1 0  |4 0  |d 2012-07-31  |l 0  |r 2025-10-23 00:00:00  |w 2026-02-23